| 000 -LEADER |
| fixed length control field |
00653nam a2200181 a 4500 |
| 001 - CONTROL NUMBER |
| control field |
:::00013574$&:&@@ |
| 003 - CONTROL NUMBER IDENTIFIER |
| control field |
OkBaRHE |
| 005 - DATE AND TIME OF LATEST TRANSACTION |
| control field |
20100324120319.0 |
| 008 - FIXED-LENGTH DATA ELEMENTS--GENERAL INFORMATION |
| fixed length control field |
s1989 j 000 0 eng u |
| 040 ## - CATALOGING SOURCE |
| Transcribing agency |
|
| 100 1# - MAIN ENTRY--PERSONAL NAME |
| Personal name |
Lloyd-Jones, David Martyn. |
| 245 10 - TITLE STATEMENT |
| Title |
Romans: |
| Remainder of title |
an exposition of chapters 2.1-3.20, the righteous judgement of God. |
| 260 ## - PUBLICATION, DISTRIBUTION, ETC. (IMPRINT) |
| Place of publication, distribution, etc |
Grand Rapids, MI., : |
| Name of publisher, distributor, etc |
Zondervan |
| Date of publication, distribution, etc |
1989 |
| 300 ## - PHYSICAL DESCRIPTION |
| Extent |
ix, 228 p. ; |
| Dimensions |
23 cm. |
| 650 ## - SUBJECT ADDED ENTRY--TOPICAL TERM |
| Topical term or geographic name as entry element |
Bible New Testament Romans 2:1-3:20 |
| General subdivision |
Criticism, Interpretation, etc. |
| 942 ## - ADDED ENTRY ELEMENTS (KOHA) |
| Source of classification or shelving scheme |
|
| Koha item type |
Books |